| 000 | 03438nam a2200337 a 4500 | ||
|---|---|---|---|
| 003 | OSt | ||
| 005 | 20250912084847.0 | ||
| 007 | cr ||||||a|a|a | ||
| 008 | 250815s2025 mx a|||fom||| 001 0 spa d | ||
| 040 | _erda | ||
| 100 | 1 |
_aJaimes González, Belem _9190946 |
|
| 245 | 1 | 0 |
_aEstudio del efecto de la labranza en el banco de semillas de malezas en un experimento a largo plazo en Chapingo, México / _cpor Belem Jaimes González y María Eleazar Sánchez Rubio; director de tesis Juan Lorenzo Medina Pitalúa; secretario Guillermo Mondragon Pedrero; vocal Joel Perez Nieto; suplente Jose Alfredo Dominguez Valenzuela; suplente Candelario Palma Bautista. |
| 264 | 1 |
_aChapingo, México : _bEl autor, _c2025. |
|
| 300 |
_a1 recurso en línea (72 páginas): _bcuadros, figuras. |
||
| 336 |
_2rdacontent _atexto _btxt |
||
| 337 |
_2rdamedia _acomputadora _bc |
||
| 338 |
_2rdacarrier _arecurso en línea _bcr |
||
| 502 |
_bIAEPA _cParasitología _d2025. _gLIC |
||
| 504 | _aIncluye referencias bibliográficas: 61-68 páginas. | ||
| 520 | _aEl principal objetivo de esta investigación fue estudiar el efecto de la labranza sobre el banco de semillas de malezas en el suelo. El estudio se realizó en el lote SM-18 (“San Martin”) del Campo Agrícola Experimental, de la Universidad Autónoma Chapingo en el año 2023. El lote alberga un experimento en su vigésimo quinto año del establecimiento, donde se comparan tres sistemas de labranza: convencional, mínima y cero, distribuidos en bloques al azar con tres repeticiones. El muestreo se realizó mediante el método “Cinco de Oro”, utilizando una superficie de 100 cm2 (10cm x 10 cm) por muestra. En cada punto de muestreo, se colectaron dos muestras de suelo, correspondientes a dos estratos: de 0-10 cm y 10-20 cm de profundidad, empleando una pala recta de 10cm de ancho y una barra de metal. La separación de semillas se realizó por la técnica de flotación con el embudo de Fenwick, posteriormente se identificaron y cuantificaron. El análisis estadístico se realizó en arreglo factorial. Se registraron 27 especies de malezas, observándose variaciones poblacionales en el banco de semillas, entre los cuales incluyen: la desaparición de especies previamente reportadas, identificación de especies no reportadas antes del estudio de 2023, cambio en las especies dominantes, entre otros, influenciados por la labranza, que redistribuye las semillas verticalmente entre estratos. La labranza cero presentó la mayor densidad de semillas de maleza, particularmente en el estrato 0-10 cm, mientras que, en los sistemas con remoción de suelo, labranza mínima y labranza convencional, no se observaron diferencias significativas en las densidades de semillas con respecto a los estratos de muestreo. | ||
| 650 | 4 |
_aMalas hierbas _xControl _970011 |
|
| 650 | 4 |
_aLabranza _xEfecto en malas hierbas _9191185 |
|
| 700 | 1 |
_aSánchez Rubio, María Eleazar _9190947 |
|
| 700 | 1 |
_aMedina Pitalúa, Juan Lorenzo _974013 _edirector. |
|
| 700 | 1 |
_aMondragón Pedrero, Guillermo _977486 _esecretario. |
|
| 700 | 1 |
_aPérez Nieto, Joel _989883 _evocal. |
|
| 700 | 1 |
_aDomínguez Valenzuela, José Alfredo _933907 _esuplente. |
|
| 700 | 1 |
_aPalma Bautista, Candelario _9134013 _esuplente. |
|
| 856 |
_uhttp://10.13.5.2/tesis/tl/1511214-8_Y_1712474-8_JAIMES_GONZALEZ_BELEM_Y_SANCHEZ_RUBIO_MARIAELEAZAR.pdf _zDESCARGAR PDF |
||
| 942 |
_2Clasificación Universidad Autónoma Chapingo _cTD |
||
| 999 |
_c220817 _d220817 |
||